000 01980cam a22004214i 4500
003 PE-LiUPU
005 20250731184111.0
008 150706s r 000 0 d
020 _a9789876200357
035 _a(Sirsi) i9789876200357
040 _aPE-LiUPU
_bspa
_cPE-LiUPU
_erda
049 _aPRUA
082 0 4 _a800.1
_bB16
_221
100 1 _aBajtín, Mijaíl,
_eautor.
245 1 0 _aEstética de la creación verbal /
_cMijaíl Bajtín.
264 1 _aBuenos Aires :
_bEditores Argentina,
_c2008.
300 _a394 páginas ;
_c23 centímetros
336 _atext
_2rdacontent
337 _aunmediated
_2rdamedia
338 _avolume
_2rdacarrier
505 0 _aAre y responsabilidad -- Autor y personaje en la actividad estética -- Del libro problemas de la obra de dostoiesuski -- La novela de educación y su importancia en la historia del realismo -- El problema de los géneros discursivos -- El problema del texto en la lingüística, la filología y otras ciencias humanas -- Para una reelaboración del sobre Dostoievski -- Respuesta a la pregunta hecha por la revista Novy Mir -- De lo apuntes de 1970-1971 -- Hacia una metodología de las ciencias humanas.
526 _aP145
526 _aP127
526 _aP97
526 _aP14
526 _aP07
541 _g001-0000485;
650 0 4 _aHistoria de la literatura.
650 0 4 _aLingüística.
650 0 4 _aTeoría literaria.
700 1 _aBubnova,Tatiana,
_etr.
910 _agl
_bjv
_cng
_d20101117
942 _2ddc
_cBOOK
949 _a800.1 B16
_wDEWEY
_c1
_i62311
_lCCODEBUL1
_mBUL
_p30.00
_r0
_sY
_tBOOK
_u2015-7-6
_xTEOLOGIA
_PP35
_0COMPRA
_o.STAFF. Colección General
994 _aC0
_bPEPRU
596 _a1
999 _a800.1 B16
_wDEWEY
_c51374
_i62311
_f2021-11-11
_g5
_lCCODEBUL1
_mBUL
_p30.00
_r0
_sY
_tBOOK
_u2015-7-6
_xTEOLOGIA
_PP35
_0COMPRA
_o.STAFF. Colección General
_d51374
980 _81
_gALBERTO SANCHEZ Responsable de Automatización